<?xml version="1.0" encoding="UTF-8"?>
<record
    xmlns:xsi="http://www.w3.org/2001/XMLSchema-instance"
    xsi:schemaLocation="http://www.loc.gov/MARC21/slim http://www.loc.gov/standards/marcxml/schema/MARC21slim.xsd"
    xmlns="http://www.loc.gov/MARC21/slim">

  <leader>04209cam a22003137a 4500</leader>
  <controlfield tag="001">16453278</controlfield>
  <controlfield tag="005">20150114143315.0</controlfield>
  <controlfield tag="008">100910s2011    xxkdk  frb   f001 0 eng d</controlfield>
  <datafield tag="010" ind1=" " ind2=" ">
    <subfield code="a">2010038970</subfield>
  </datafield>
  <datafield tag="020" ind1=" " ind2=" ">
    <subfield code="a">9780521113687 (hardback)</subfield>
  </datafield>
  <datafield tag="020" ind1=" " ind2=" ">
    <subfield code="a">0521113687 (hardback)</subfield>
  </datafield>
  <datafield tag="040" ind1=" " ind2=" ">
    <subfield code="a">DLC</subfield>
    <subfield code="c">DLC</subfield>
    <subfield code="d">YDX</subfield>
    <subfield code="d">UKM</subfield>
    <subfield code="d">YDXCP</subfield>
    <subfield code="d">BWK</subfield>
    <subfield code="d">OCLCQ</subfield>
    <subfield code="d">BWX</subfield>
    <subfield code="d">CDX</subfield>
    <subfield code="d">IUL</subfield>
    <subfield code="d">DLC</subfield>
    <subfield code="d">EG-ScBUE</subfield>
  </datafield>
  <datafield tag="082" ind1="0" ind2="0">
    <subfield code="a">004.678</subfield>
    <subfield code="2">22</subfield>
    <subfield code="b">NEX</subfield>
  </datafield>
  <datafield tag="245" ind1="0" ind2="0">
    <subfield code="a">Next-generation internet :</subfield>
    <subfield code="b">architectures and protocols /</subfield>
    <subfield code="c">edited by Byrav Ramamurthy, George Rouskas, Krishna M. Sivalingam.</subfield>
  </datafield>
  <datafield tag="260" ind1=" " ind2=" ">
    <subfield code="a">Cambridge, United Kingdom ;</subfield>
    <subfield code="a">New York, United States :</subfield>
    <subfield code="b">Cambridge University Press,</subfield>
    <subfield code="c">2011.</subfield>
  </datafield>
  <datafield tag="300" ind1=" " ind2=" ">
    <subfield code="a">xxiii, 409 p. :</subfield>
    <subfield code="b">charts, forms ;</subfield>
    <subfield code="c">26 cm.</subfield>
  </datafield>
  <datafield tag="500" ind1=" " ind2=" ">
    <subfield code="a">Index : p. 405-409.</subfield>
  </datafield>
  <datafield tag="504" ind1=" " ind2=" ">
    <subfield code="a">Includes bibliographical references.</subfield>
  </datafield>
  <datafield tag="505" ind1="8" ind2=" ">
    <subfield code="a">Machine generated contents note : Part I. Enabling Technologies : 1. Optical layer switching paradigms D. Cuda, R. Gaudino, G. Gavilanes Castillo and F. Nero ; 2. Broadband access networks : current and future directions A. Reaz, L. Shi and B. Mukherjee ; 3. The optical control plane and a novel unified control place architecture for IP / WDM networks G. Ellinas, A. Hadjiantonis, N. Antoniades, M. A. Ali and A. Khalil; 4. Cognitive routing protocols and architecture S. Ju and J. B. Evans ; 5. Grid networking A. Ravula and B. Ramamurthy; Part II. Network Architectures : 6. HIP: host identity protocol P. Nikander, A. Gurtov and T. R. Henderson ; 7. Contract switching for managing inter-domain dynamics M. Yuksel, A. Gupta, K. Kar and S. Kalyanaraman ; 8. PHAROS project I. Baldine, A. W. Jackson, J. Jacob, W. E. Leland, J. H. Lowry, W. C. Milliken, P. P. Pal, S. Ramanathan, K. A. Rauschenbach, C. A. Santivanez and D. M. Wood ; 9. Network services and data-path customization T. Wolf ; 10. SILO architecture R. Dutta and I. Baldine; Part III. Protocols and Practice : 11. Separating routing policy from mechanism in the network layer J. Griffioen, K. L. Calvert, O. Ascigil and S. Yuan ; 12. Multipath BGP: motivations and solutions F. Valera, I. van Beijnum, A. Garcia-Martinez and M. Bagnulo ; 13. Explicit congestion control : charging, fairness and admission management F. Kelly and G. Raina ; 14. Kansei: a software infrastructure for resource management and programmer support across wireless sensor network fabrics M. Sridharan, W. Zeng, W. Leal, X. Ju, R. Ramnath, H. Zhang and A. Arora ; 15. Router design including buffering and queuing strategies for the next generation Internet D. Wischik ; 16. Stochastic NUM and wireless scheduling Y. Yi and M. Chiang ; 17. Network coding in bi-directed and peer-to-peer networks Z. Li, H. Xu and B. Li ; 18. Network economics and pricing J. Musacchio, G. Schwartz and J. Walrand.</subfield>
  </datafield>
  <datafield tag="520" ind1=" " ind2=" ">
    <subfield code="a">"With ever-increasing demands on capacity, quality of service, speed, and reliability, current Internet systems are under strain and under review. Combining contributions from experts in the field, this book captures the most recent and innovative designs, architectures, protocols, and mechanisms that will enable researchers to successfully build the next-generation Internet. A broad perspective is provided, with topics including innovations at the physical/transmission layer in wired and wireless media, as well as the support for new switching and routing paradigms at the device and sub-system layer. The proposed alternatives to TCP and UDP at the data transport layer for emerging environments are also covered, as are the novel models and theoretical foundations proposed for understanding network complexity. Finally, new approaches for pricing and network economics are discussed, making this ideal for students, researchers, and practitioners who need to know about designing, constructing, and operating the next-generation Internet"</subfield>
  </datafield>
  <datafield tag="650" ind1=" " ind2="0">
    <subfield code="a">Internet</subfield>
    <subfield code="x">Technological innovations</subfield>
    <subfield code="9">37167</subfield>
  </datafield>
  <datafield tag="650" ind1=" " ind2="0">
    <subfield code="a">Internetworking (Telecommunication)</subfield>
    <subfield code="x">Technological innovations</subfield>
    <subfield code="9">37168</subfield>
  </datafield>
  <datafield tag="653" ind1=" " ind2=" ">
    <subfield code="b">ENGELC</subfield>
    <subfield code="b">COMSCI</subfield>
    <subfield code="c">January2015</subfield>
  </datafield>
  <datafield tag="655" ind1=" " ind2=" ">
    <subfield code="v">reading book</subfield>
    <subfield code="9">34232</subfield>
  </datafield>
  <datafield tag="700" ind1="1" ind2=" ">
    <subfield code="a">Ramamurthy, Byrav</subfield>
    <subfield code="9">37169</subfield>
    <subfield code="e">editor.</subfield>
  </datafield>
  <datafield tag="700" ind1="1" ind2=" ">
    <subfield code="a">Rouskas, George N.</subfield>
    <subfield code="9">37170</subfield>
    <subfield code="e">editor</subfield>
  </datafield>
  <datafield tag="700" ind1="1" ind2=" ">
    <subfield code="a">Sivalingam, Krishna M.</subfield>
    <subfield code="9">37171</subfield>
    <subfield code="e">editor.</subfield>
  </datafield>
  <datafield tag="942" ind1=" " ind2=" ">
    <subfield code="2">ddc</subfield>
    <subfield code="k">004.678 NEX</subfield>
  </datafield>
  <datafield tag="999" ind1=" " ind2=" ">
    <subfield code="c">18877</subfield>
    <subfield code="d">18849</subfield>
  </datafield>
  <datafield tag="952" ind1=" " ind2=" ">
    <subfield code="0">0</subfield>
    <subfield code="1">0</subfield>
    <subfield code="2">ddc</subfield>
    <subfield code="4">0</subfield>
    <subfield code="7">0</subfield>
    <subfield code="8">Baccah</subfield>
    <subfield code="a">MAIN</subfield>
    <subfield code="b">MAIN</subfield>
    <subfield code="c">LOW</subfield>
    <subfield code="d">2015-01-14</subfield>
    <subfield code="e">purchase</subfield>
    <subfield code="g">557.00</subfield>
    <subfield code="h">21291</subfield>
    <subfield code="l">1</subfield>
    <subfield code="o">004.678 NEX</subfield>
    <subfield code="p">000037299</subfield>
    <subfield code="r">2025-07-15 00:00:00</subfield>
    <subfield code="s">2016-11-09</subfield>
    <subfield code="v">696.00</subfield>
    <subfield code="y">BB</subfield>
  </datafield>
</record>
